000 00658nam a22002057a 4500
999 _c170115
_d170115
005 20191211112440.0
010 _aA-603711 A-374908
020 _c8.00
035 _aA-603711
035 _aA-374908
037 _bBPPD/Pub.
082 _a362.29
100 _aحسین فاروقی
245 _aشراب نوشی اور منشیات کی لت /
_cحسین فاروقی
246 _aSharab Noshi aur Munshiyat ki Lat (Urdu) /
_bby Hussain Farooqi
260 _aNew Delhi
_bTaraqqi Urdu Bureau
_c1989
270 _aWest Block 8 R. K. Puram
_bNew Delhi
_e110066
300 _a99p.
_c20cm(Hb)
942 _2ddc
_cUR
_h362.29
_mف ا ر